Gospodarka rynkowa - wyzwanie dla polskich przedsiebiorstw.

O medzinárodnej konferencii v septembri 1990 v Borowiciach na tému: Podmienky fungovania podnikov v trhovom hospodárstve. Situácia a vývoj poľskej ekonomiky. Poľskí a zahraniční autori prednášok a ich odbornosť. Referáty sa vyznačovali vysokou odbornosťou. Aj diskusné príspevky boli na vysokej odbor...

Descripción completa

Guardado en:
Detalles Bibliográficos
Autor principal: Kucinska, K.
Formato: Capítulo de libro
Lenguaje:polaco
Materias:
Etiquetas: Agregar Etiqueta
Sin Etiquetas, Sea el primero en etiquetar este registro!

MARC

LEADER 00000naa a2200000 4500
001 r003546
005 20221125122431.3
041 0 |a pol 
044 |a PL 
245 1 0 |a Gospodarka rynkowa - wyzwanie dla polskich przedsiebiorstw.  |c K. Kucinska 
520 |a O medzinárodnej konferencii v septembri 1990 v Borowiciach na tému: Podmienky fungovania podnikov v trhovom hospodárstve. Situácia a vývoj poľskej ekonomiky. Poľskí a zahraniční autori prednášok a ich odbornosť. Referáty sa vyznačovali vysokou odbornosťou. Aj diskusné príspevky boli na vysokej odbornej úrovni. 
610 2 0 |a hospodárstvo trhové 
610 2 0 |a konferencie 
610 2 0 |a podnik 
610 2 0 |a PR 
100 1 |a Kucinska, K.